000 01330nam a2200325 i 4500
003 EG-GICUC
005 20260204183939.0
008 260108s2003 ua |||fr|||| 00| 0 ara d
017 _a8589/2003
040 _a EG-GICUC
_bara
_c EG-GICUC
_d EG-GICUC
_erda
041 0 _aAra
082 0 4 _221
_a343.4
_bع ص . م
092 0 4 _221
099 _aLaw1 10 343.4 ع ص . م 2003
100 0 _aعصام عفيفى حسينى عبدالبصير
_eمؤلف.
245 1 0 _aمبدأ الشرعية الجنائية :
_bدراسة مقارنة فى القانون الوضعى والفقه الجنائى الإسلامى/
_cتأليف الدكتور عصام عفيفى حسينى عبدالبصير.
264 1 _a[مكان النشر غير محدد] :
_bدار النهضة العربية،
_c2003.
300 _a212 صفحة؛
_c24 سم.
336 _2rda content
_atext
337 _2rda media
_aComputer
338 _2rda carrier
_aOnline Resource
504 _a ببليوجرافيا: صفحات174-205.
546 _aالنص باللغة العربية
650 1 _aالتشريعات الجنائية الخاصة
_2qrmak
650 1 _aالقانون الجنائى
_2qrmak
651 1 _2qrmak
856 4 0 _uhttps://fll.law.cu.edu.eg/fulltext/bks/B10-07404.pdf
905 _a54
_eYara
942 _2ddc
_cBK
_e21
_n0
999 _c55669
_d55669